000 00766nam a2200193 4500
001 113426
003 ES-MaACL
007 t|
008 061121q1962 sp r ||||1| spa d
100 1 _aPalacios, Emilio.
_988393
245 1 1 _a¡Lenguateres! o (Dios nos libre d'un levantu)
_b: sainete de ambiente gijonés, 4ª edición ; y Bartuelu va pa l'Habana, 18ª edición /
_cEmilio Palacios; prólogo de Celso Amieva ; dibujo de la portada original de German Horacio.
260 _a[S. l.] :
_b[s. n.],
_c1962? (
_fLa Versal)
300 _a110 p., 1 lám. :
_b17 cm.
700 1 _aAmieva, Celso.
_921234
700 1 _aHoracio, Germán.
_964181
740 0 _aDios nos libre d'un levantu.
740 0 _aBartuelu va pa l'habana.
852 _aES-MaACL
_jE-5051
_bR.79002
999 _c113426
_d113426